Normy knižničných služieb pre profesionálne ľudové knižnice a ich kvantifikácia na jednotlivé okresy Slovenska
Gespeichert in:
| Körperschaft: | |
|---|---|
| Weitere Verfasser: | |
| Format: | Buch |
| Sprache: | Slowakisch |
| Veröffentlicht: |
Bratislava
VŠE
1974
|
| Ausgabe: | 2. vyd. |
| Tags: |
Keine Tags, Fügen Sie das erste Tag hinzu!
|
MARC
| LEADER | 00000nam a2200000 4500 | ||
|---|---|---|---|
| 001 | c036650 | ||
| 005 | 20221220102316.7 | ||
| 041 | 0 | |a slo | |
| 044 | |a SK | ||
| 245 | 1 | 0 | |a Normy knižničných služieb pre profesionálne ľudové knižnice a ich kvantifikácia na jednotlivé okresy Slovenska |c zostavovateľ Boris Procházka |
| 250 | |a 2. vyd. | ||
| 264 | 1 | |a Bratislava |b VŠE |c 1974 | |
| 300 | |a 152 s. | ||
| 700 | 1 | |a Procházka, Boris | |
| 710 | 2 | |a Ústredná ekonomická knižnica pri VŠE | |